| 000 | 00767nam a22002657a 4500 | ||
|---|---|---|---|
| 001 | 5168 | ||
| 003 | FISKH | ||
| 005 | 20241108121741.0 | ||
| 008 | 241108b cb ||||| |||| 00| 0 eng d | ||
| 020 | _a9781574719109 | ||
| 040 |
_aFISKH _beng _cFISKH _dFISKH |
||
| 082 | _a428 | ||
| 100 | _aWilliams, Lanczak Rozanne | ||
| 245 | _aI like colors / | ||
| 250 | _aPublished in 2002 | ||
| 260 |
_aHuntington beach : _bSight Word, _c2002. |
||
| 300 |
_a8 pages : _bColor illustrations ; _c16 cm |
||
| 505 | _aG | ||
| 520 | _aA cat and dog paint a special project with six colors. Includes a sight word activity. | ||
| 521 | 8 |
_a330L
_bLexile |
|
| 650 |
_2Colors _aEducational |
||
| 700 |
_aLeary, Catherine _dIllustrator |
||
| 942 |
_2ddc _cBK _n0 |
||
| 999 |
_c5168 _d5168 |
||